No coração de África (Registo nº 4241)
[ vista simples ]
| 000 -Etiqueta do registo | |
|---|---|
| Cabeçalho | 00767cam a2200265 4500 |
| 005 - Identificador da versão | |
| Campo de controlo | 20240813122056.0 |
| 010 ## - Número internacional normalizado dos livros (ISBN) | |
| Número (ISBN) | 9722600214 |
| 100 ## - Dados gerais de processamento | |
| Dados gerais de processamento | 20080917d1987 a y0pory5003 ba |
| 102 ## - Pais de publicação ou produção | |
| País de publicação | Portugal |
| 101 1# - Língua de publicação | |
| Língua do texto, banda sonora, etc. | Português |
| Língua do documento no original | Francês |
| 106 ## - Campo de dados codificados: material textual | |
| Dados codificados do material textual | r |
| 105 ## - Campo de dados codificados: livros | |
| Dados codificados dos livros | a z 000yy |
| 215 ## - Descrição física | |
| Indicação específica da natureza do documento e extensão da espécie | [35] p. |
| Outras indicações físicas | il. color |
| Dimensões | 19 cm |
| 200 1# - Titulo e menção de responsabilidade | |
| Título próprio | No coração de África |
| Primeira menção de responsabilidade | Chantal Henry-Biabaud |
| Outras menções de responsabilidade | il. Jean-Marie Poissenot |
| -- | trad. M. Teresa Corte-Real |
| 225 1# - Colecção | |
| Título próprio da colecção | Descobrir |
| 210 ## - Publicação, Distribuição, etc. | |
| Lugar da edição, distribuição, etc. | Porto |
| Nome do editor, distribuidor, etc. | Civilização |
| Data da publicação, distribuição, etc. | cop. 1987 |
| 675 ## - Classificação Decimal Universal (CDU) | |
| Notação | 087.5:008 |
| Edição | med |
| Língua da edição | fre |
| 702 #1 - Nome de autor-pessoa física (responsabilidade secundária) | |
| Número de registo de entrada de autoridade | 0000916 |
| Palavra de ordem | Poissenot |
| Outra parte do nome não tomada para palavra de ordem | Jean-Marie |
| Código de função | Ilustrador / Técnico de desenho computorizado |
| Número de registo de entrada de autoridade | 0000917 |
| Palavra de ordem | Corte-Real |
| Outra parte do nome não tomada para palavra de ordem | M. Teresa |
| Código de função | Tradutor |
| 700 #1 - Nome de autor-pessoa física (responsabilidade principal) | |
| Número de registo de entrada de autoridade | 0000915 |
| Palavra de ordem | Henry-Biabaud |
| Outra parte do nome não tomada para palavra de ordem | Chantal |
| 942 ## - Elementos de entrada adicionados (Koha) | |
| Tipo de item no Koha | Livro |
| Situação do levantamento | Origin of item (home branch) (coded) | Biblioteca de empréstimo | Código de barras | Cota | Circulation type (not for loan) | Tipo de documento | Nota do exemplar | Damaged status |
|---|---|---|---|---|---|---|---|---|
| Biblioteca Escolar das Vendas | Biblioteca Escolar das Vendas | BEV1155 | 3 BIA | Livro | Sem mensagem |
